000
00407nam a22001697a 4500
003
MPLRDC
005
20220104124107.0
008
210129b ||||| |||| 00| 0 eng d
082
_a
859.8 LZQ
100
_a
梁志庆著
245
_a
给马华儿童文学扎根
_c
250
_a
初版
260
_a
_b
南马文艺研究会
_c
1992
300
_b
平
650
_a
儿童文学
942
_c
BK
_o
859.8 LZQ
999
_c
16592
_d
16582